000 00330nam a2200133Ia 4500
008 231129s9999||||xx |||||||||||||| ||spa||
020 _a84-7291-767-3
040 _bspa
082 _a941.02 C286h
100 _aCarlyle Thomas
245 0 _aLos heroes
264 _aSarpe
942 _2ddc
_cBKS
999 _c19722
_d19722